000 02570cam a2200241 4500500
005 20260329001747.0
041 _afre
042 _adc
100 1 0 _aArtime Omil, Manuel
_eauthor
245 0 0 _aFeijoo ante el debate patriótico ilustrado
260 _c2024.
500 _a58
520 _aLa cuestión nacional en Feijoo ha sido abordada, como otras reflexiones sobre patriotismo ilustradas, bajo el prisma del imaginario liberal posterior, esto es, por sus aportaciones (o déficits) a una conciencia social propiamente moderna. De acuerdo a este prisma, sus contribuciones a la comprensión histórica de España permanecerían lastradas por compromisos teológicos y estamentales todavía no depurados. En este trabajo nos proponemos examinar estas reflexiones patrióticas de Feijoo, no tanto a la vista de lo que está por venir como de lo que deja atrás, de la cultura barroca que le precede. Feijoo invoca aquí el escepticismo hacia uno de los usos de oscurantismo más perniciosos, la especulación sobre el designio providencial de las naciones y su favoritismo divino. Aboga por una comprensión histórica de los pueblos que atienda a una causalogía inmanente y por forjar sus lazos de reconocimiento en virtud de un cristianismo ecuménico.
520 _aThe national question in Feijoo has been approached, like some other enlightened reflections on patriotism, using the prism of the subsequent liberal imaginary; that is, for its contributions (or lack of them) to a properly modern social conscience. Under this lens, Feijoo’s contributions to the historical understanding of Spain remain weighed down by theological and political commitments that have not yet been refined. In this essay we intend to examine these patriotic reflections, not so much in view of what is to come but rather what he leaves behind, of the baroque culture that preceded him. Feijoo here invokes skepticism towards one of the most pernicious uses of obscurantism, speculation about the providential design of nations and their divine favoritism. He advocates a historical understanding of peoples that attends to the immanent causality and forges their bonds of recognition by virtue of an ecumenical Christianity.
690 _aancestry
690 _achosen people
690 _aFeijoo
690 _apatriotism
690 _apolitical theology
690 _aprovidentialism
786 0 _nAraucaria | 55 | 1 | 2024-08-12 | p. 337-357 | 1575-6823
856 4 1 _uhttps://shs.cairn.info/revista-araucaria-2024-1-page-337?lang=es&redirect-ssocas=7080
999 _c1808372
_d1808372